00258nam a2200085Ia 4500008004100000082001100041100002900052245005400081500003700135190716s9999 xx 000 0 und d aTL-36# aLavingia, Krishnakant U. 2aA study of job satisfaction among school teachers aContinued in Next Acc. No. MF400